| 000 -LEADER |
| fixed length control field |
01693pab a2200193 454500 |
| 008 - FIXED-LENGTH DATA ELEMENTS--GENERAL INFORMATION |
| fixed length control field |
180718b2008 xxu||||| |||| 00| 0 eng d |
| 100 ## - MAIN ENTRY--PERSONAL NAME |
| Personal name |
Heise, Arne |
| 245 ## - TITLE STATEMENT |
| Title |
The political economy of meritocrtacy: a post-Keleckian, post-Olsonian approach to unemployment and income inequality in modern varieties of capitalism |
| 260 ## - PUBLICATION, DISTRIBUTION, ETC. |
| Date of publication, distribution, etc. |
2008 |
| 300 ## - PHYSICAL DESCRIPTION |
| Extent |
p.67-88. |
| 362 ## - DATES OF PUBLICATION AND/OR SEQUENTIAL DESIGNATION |
| Dates of publication and/or sequential designation |
Winter |
| 520 ## - SUMMARY, ETC. |
| Summary, etc. |
The "big trade-off", described by Arthur Okun some thirty years ago, is back again: equality or efficiency, or to put it differently, modern highly developed economies and societies have to choose between the Scylla of income inequality and the Charybdis of unemployment. Furthermore, it looks like the continental European economies - foremost Germany and France - sided with more egalitarian ends accepting higher unemployment while the liberal economies such as the United States and the United Kingdom chose higher inequality for lower unemployment. In this paper, it is argued that the trade-off is not a supply-side necessity to maintain work effort in a situation of incomplete contracts, but is a politico-economic issue of particular interest groups seeking rents. However, unlike in Mancur Olson's seminal approach, it is not the trade unions that are forming distributional coalitions on the labor market, but rather the meritocracy which is happy to use Keynesian-type demand management to advance their material interests by pursuing a "meritocratically optimal rate of unemployment" (MORU). - Reproduced. |
| 650 ## - SUBJECT ADDED ENTRY--TOPICAL TERM |
| Topical term or geographic name entry element |
Capitalism |
| 650 ## - SUBJECT ADDED ENTRY--TOPICAL TERM |
| Topical term or geographic name entry element |
Income distribution |
| 650 ## - SUBJECT ADDED ENTRY--TOPICAL TERM |
| Topical term or geographic name entry element |
Unemployment |
| 773 ## - HOST ITEM ENTRY |
| Main entry heading |
Review of Radical Political Economics |
| 908 ## - PUT COMMAND PARAMETER (RLIN) |
| Put command parameter |
N |
| 909 ## - |
| -- |
77892 |